[Event "elllobregat Open-A 2019"]
[Site "El Prat de Llobregat"]
[Date "2019.12.11"]
[Round "9.16"]
[White "Le Goff, Ronan"]
[Black "Kobo, Ori"]
[Result "1/2-1/2"]
[WhiteElo "2272"]
[BlackElo "2457"]
[Annotator "TA"]
[PlyCount "122"]
[EventDate "2019.12.03"]
[EventType "swiss"]
[EventCountry "ESP"]
[SourceTitle "playchess.com"]
[Source "ChessBase"]
[SourceQuality "1"]

{[%evp 17,122,0,12,0,2,5,36,27,47,8,12,0,10,-31,0,-26,-22,-24,-21,-48,-25,-26,-27,-44,4,12,2,2,4,-60,-48,-73,-56,-80,-85,-158,-153,-171,-171,-164,-110,-93,-108,-127,-108,-315,-305,-299,-166,-169,-165,-166,-104,-111,-103,-131,-107,-104,-100,-104,-72,-62,-60,-60,-53,-111,-108,-162,-43,-31,-31,-36,-7,-58,-66,-62,-21,-25,-4,-4,-8,-8,-4,-26,0,-15,-14,-15,-23,-21,10,7,12,12,12,12,12,12,12,12,22,17,18,8,10,11,12]} 1. d4 g6 2. Nf3 Bg7 3. e4 d6 4. h3 Nf6 5. Nc3 a6 6. a4 O-O 7. Be3 b6 8. Bd3 Bb7 9. O-O e6 10. Qd2 {B08: Pirc Defence: Classical System} Nbd7 11. Bg5 e5 12. d5 $146 {White is slightly better.} ({Predecessor:} 12. dxe5 Nxe5 13. Nxe5 dxe5 14. Rfd1 Qd6 15. Qe2 Qb4 16. Bd2 Qe7 17. Bc4 c6 {½-½ (26) Spassky,B (2590)-Sznapik,A (2430) Thessaloniki 1988}) 12... Qe8 13. a5 b5 14. b4 Nh5 15. Bh6 Qe7 16. Bxg7 Kxg7 17. Ne2 c6 18. c4 bxc4 19. Bxc4 Ndf6 20. Nc3 Nf4 {White must now prevent ...Nxe4!} 21. dxc6 Bxc6 22. Rfe1 Rfd8 23. Nd5 (23. Qe3 $1 $11) 23... Bxd5 $15 24. exd5 Qb7 25. Red1 Rdc8 26. Bf1 ({White should try} 26. Rdc1) 26... N4xd5 $17 (26... Qxd5 27. Rac1 $15) (26... N6xd5 27. g3 $11) 27. Nh4 h6 28. Ra3 Qxb4 ({Black should play} 28... Rc6 $19 29. Rg3 Qc8) 29. Qxb4 Nxb4 30. Rxd6 Rc1 31. Rb3 $2 (31. Nf3 $17 {was worth a try.}) 31... Ne4 $19 32. Rb6 Nd5 (32... Nd2 $142 33. R3xb4 Rxf1+ 34. Kh2 Rxf2) 33. Rb1 Rac8 ({Stronger than} 33... Nxb6 34. Rxc1 Nd5 35. Nf3 $11) 34. R6b2 Nf4 (34... R8c5 $19 35. Nf3 Rxb1 36. Rxb1 Rxa5 37. Nxe5 Ndc3) 35. Kh2 $17 Rxb1 36. Rxb1 Rc5 37. Ra1 Rc6 38. g3 Ne6 ({Not} 38... Nxf2 39. gxf4 exf4 40. Ra4 $14) 39. Bg2 f5 40. g4 Kf6 41. gxf5 ({Better is} 41. Rb1 $15) 41... gxf5 42. Ra4 {[#]} (42. Bxe4 $17 fxe4 43. Ng2) 42... Rc2 {[#]} (42... Rc3 $1 $19 43. Bxe4 fxe4 44. Rxe4 {[#]} Rxh3+ $1 {[%mdl 576] Decoy} 45. Kxh3 Ng5+ {[%mdl 64] Double Attack} 46. Kg4 Nxe4) 43. Nxf5 $1 $15 {[%mdl 512]} Nxf2 (43... Kxf5 44. Bxe4+) 44. Ne3 Rd2 45. Nd5+ (45. Kg3 $11) 45... Kf7 46. Rb4 Nc5 {Threatening ...e4.} (46... Nd3 $5 {[%cal Rd3b4]} 47. Rb7+ Kg6 $17) 47. Rb6 Nfd3 {And now ...Ne1 would win.} 48. Kg3 Ne1 49. Bh1 e4 50. Ne3 Nc2 51. Nf5 e3 {...e2 is the strong threat.} 52. Bf3 $1 Ke8 {Hoping for ...e2.} 53. Rc6 Nb3 {The position is equal.} (53... Ne4+ $5 54. Bxe4 e2 55. Re6+ Kf7 56. Bxc2 (56. Re7+ Kf6 $15) 56... Kxe6 $11) 54. Rxa6 {Strongly threatening Rd6.} e2 55. Re6+ {[%mdl 64] Double Attack} Kf7 56. Rxe2 Rxe2 57. Bxe2 Nxa5 58. Nxh6+ $11 {KBN-KNN} Kg7 59. Nf5+ Kf6 60. Nd6 Nd4 61. Bd3 Ke5 {Accuracy: White = 39%, Black = 44%.} 1/2-1/2

[Event "elllobregat Open-A 2019"]
[Site "El Prat de Llobregat"]
[Date "2019.12.11"]
[Round "9.17"]
[White "Kulkarni Bhakti"]
[Black "Jerez Perez, Alfonso"]
[Result "1/2-1/2"]
[WhiteElo "2418"]
[BlackElo "2369"]
[Annotator "NA"]
[PlyCount "70"]
[EventDate "2019.12.03"]
[EventType "swiss"]
[EventCountry "ESP"]
[SourceTitle "playchess.com"]
[Source "ChessBase"]
[SourceQuality "1"]
[TimeControl "40/5400+30:1800+30"]

1. d4 {[%emt 0:00:00]} Nf6 {[%emt 0:01:29]} 2. Nf3 {[%emt 0:00:00]} g6 {[%emt 0:00:16]} 3. Bg5 {[%emt 0:00:21]} Bg7 {[%emt 0:00:57]} 4. Nbd2 {[%emt 0:00:19]} O-O {[%emt 0:00:19]} 5. c3 {[%emt 0:00:14]} d6 {[%emt 0:01:00]} 6. e4 {[%emt 0:00:36]} c5 {[%emt 0:00:09]} 7. dxc5 {[%emt 0:03:19]} dxc5 {[%emt 0:01:23]} 8. Bc4 {[%emt 0:04:06]} Nc6 {[%emt 0:03:35]} 9. O-O {[%emt 0:05:05]} Qc7 {[%emt 0:03:48]} 10. Qe2 {[%emt 0:02:10]} h6 {[%emt 0:04:29]} 11. Bh4 {[%emt 0:06:44]} Nh5 {[%emt 0:01:36]} 12. Qe3 {[%emt 0:01:49]} Na5 {[%emt 0:04:59]} 13. Bd3 {[%emt 0:04:50]} Be6 {[%emt 0:14:24]} 14. e5 {[%emt 0:11:22]} Rad8 {[%emt 0:06:14]} 15. Bc2 {[%emt 0:04:22]} Nc6 {[%emt 0:12:13]} 16. Qxc5 {[%emt 0:12:33]} b6 {[%emt 0:04:52]} 17. Qe3 {[%emt 0:01:12]} Nxe5 {[%emt 0:07:05]} 18. Rfd1 {[%emt 0:05:29]} Rfe8 {[%emt 0:08:34]} 19. Nxe5 {[%emt 0:17:30]} Qxe5 {[%emt 0:00:37]} 20. Qxe5 {[%emt 0:00:56]} Bxe5 {[%emt 0:00:05]} 21. Nf3 {[%emt 0:04:17]} Bf6 {[%emt 0:01:00]} 22. Bxf6 {[%emt 0:00:22]} Nxf6 {[%emt 0:00:05]} 23. Ne5 {[%emt 0:02:24]} Rxd1+ {[%emt 0:01:18]} 24. Rxd1 {[%emt 0:00:08]} Rc8 {[%emt 0:00:07]} 25. a3 {[%emt 0:01:32]} Kg7 {[%emt 0:02:29]} 26. Rd4 {[%emt 0:00:38]} g5 {[%emt 0:01:31]} 27. f3 {[%emt 0:01:00]} Rc5 {[%emt 0:00:57]} 28. Nd3 {[%emt 0:01:39]} Rd5 {[%emt 0:00:35]} 29. Rxd5 {[%emt 0:00:12]} Nxd5 {[%emt 0:00:44]} 30. Kf2 {[%emt 0:00:03]} Kf6 {[%emt 0:00:49]} 31. c4 {[%emt 0:00:36]} Nf4 {[%emt 0:01:03]} 32. b3 {[%emt 0:01:34]} Nxd3+ {[%emt 0:00:33]} 33. Bxd3 {[%emt 0:00:01]} Ke5 {[%emt 0:00:07]} 34. Ke3 {[%emt 0:00:37]} f5 {[%emt 0:01:18]} 35. Be2 {[%emt 0:00:02]} Bf7 {[%emt 0:03:03] Ke4+} 1/2-1/2